000 00687nam a2200289Ia 4500
005 20260324133016.0
008 008 260324s9999 xx 000 0 eng d
020 _a9780203506202
037 _aEBOOK
040 _aCRL
040 _beng
040 _cCRL
041 _2eng
041 _aeng
084 _qCRL
100 _aBruce Buchanan
_91170297
245 4 _aThe Policy Partnership
245 0 _bPresidential Elections and American Democracy
260 _bTaylor and Francis
260 _c2004
365 _a
365 _b230
856 _uhttp://www.taylorfrancis.com/books/9780203506202
942 _cEBOOK
999 _c1790093
_d1790093